| 000 | 01051nam a2200265Ia 4500 | ||
|---|---|---|---|
| 003 | OSt | ||
| 005 | 20221005112024.0 | ||
| 006 | a|||||r|||| 00| 0 | ||
| 007 | ta | ||
| 008 | 221004b |||||||| |||| 00| 0 hin d | ||
| 020 |
_a9789385789908 (hbk) _cINR 500.00 |
||
| 024 | _a34092 | ||
| 037 |
_b131, 14/09/2017, Eastern Book Linkers _cTextual |
||
| 040 |
_aCRL _cCRL _bhin |
||
| 041 |
_2hin _ahin |
||
| 082 | _aO15,1A1:g(Q224), 152Q7 | ||
| 100 | _aविश्वकर्मा, ईश्वर शरण, ले. | ||
| 245 | 0 | _aरामकथा का ऐतिहासिक परिप्रेक्ष्य | |
| 246 | _aRāmakathā kā aitihāsik pariprekṣhya | ||
| 260 |
_aवाराणसी _bमनीष प्रकाशन भारत _c2017 |
||
| 300 |
_a184पृ0 _ccm. |
||
| 650 | _aरामायण | ||
| 942 |
_hO15,1A1:g(Q224), 152Q7 _cTEXL _2cc |
||
| 999 |
_c1023587 _d1023587 |
||